[Event "DEN-ch sf4"]
[Site "Svendborg"]
[Date "2024.03.29"]
[Round "5"]
[White "Jepsen, Thomas Tange"]
[Black "Damgaard Poulsen, Albert"]
[Result "1/2-1/2"]
[WhiteElo "2013"]
[BlackElo "1707"]
[PlyCount "62"]
[EventDate "2024.03.29"]
[EventType "swiss"]
[EventRounds "7"]
[EventCountry "DEN"]
[SourceTitle "CB16_2024"]
[SourceDate "2024.04.17"]
[SourceVersion "1"]
[SourceVersionDate "2024.04.17"]
[SourceQuality "1"]

1. d4 d5 2. c4 c6 3. Nc3 Nf6 4. Nf3 e6 5. cxd5 exd5 6. Bg5 Be7 7. e3 Bf5 8. Be2 0-0 9. 0-0 h6 10. Bh4 Nbd7 11. a3 Re8 12. b4 b5 13. Qb3 Nb6 14. Ne5 Qc7 15. Nxc6 Qxc6 16. Bxb5 Qxc3 17. Qxc3 Ne4 18. Qb2 Bxh4 19. Bxe8 Rxe8 20. Qe2 Nc4 21. Qf3 Be6 22. Qf4 g5 23. Qc7 Rc8 24. Qxa7 Ncd2 25. f3 Nxf1 26. Rxf1 Nd2 27. Rd1 Rc2 28. Qa4 Ra2 29. Rxd2 Rxd2 30. g3 g4 31. f4 Bf6 1/2-1/2

[Event "Biel HTO 53rd"]
[Site "Biel"]
[Date "2020.07.26"]
[Round "6"]
[White "Buchenau, Frank"]
[Black "Jepsen, Thomas Tange"]
[Result "1-0"]
[WhiteElo "2278"]
[BlackElo "2116"]
[PlyCount "99"]
[EventDate "2020.07.20"]
[EventType "swiss"]
[EventRounds "9"]
[EventCountry "SUI"]
[SourceTitle "CBM 197"]
[Source "ChessBase"]
[SourceDate "2020.07.27"]
[SourceVersion "1"]
[SourceVersionDate "2020.07.27"]
[SourceQuality "1"]

1. e4 c5 2. Nf3 d6 3. d4 cxd4 4. Nxd4 Nf6 5. Nc3 a6 6. g3 Nc6 7. Bg2 Nxd4 8. Qxd4 e5 9. Qd3 Be6 10. 0-0 Be7 11. a4 0-0 12. Be3 Rc8 13. Rfd1 Ng4 14. Bd2 Qb6 15. Be1 Rc7 16. a5 Qc6 17. h3 Bc4 18. Qd2 Nf6 19. Kh2 Rb8 20. f4 b5 21. fxe5 dxe5 22. Nd5 Bxd5 23. exd5 Qd6 24. Bf2 Rbc8 25. c3 Rc4 26. Qe3 h6 27. Re1 Nd7 28. Be4 Bg5 29. Qf3 g6 30. Bd3 R4c7 31. h4 Be7 32. h5 Rf8 33. Be3 Kg7 34. hxg6 fxg6 35. Qg4 Nc5 36. Bc2 h5 37. Qd1 Rd7 38. b4 Nb7 39. Qd2 Rc8 40. Bb3 Qc7 41. Rac1 Nd6 42. Bb6 Qb8 43. Rxe5 Nf5 44. Rxf5 gxf5 45. Bd4+ Kg6 46. Re1 h4 47. Re6+ Kf7 48. d6 hxg3+ 49. Kg1 Ke8 50. Qg5 1-0

[Event "Obro-Denmark (Women)"]
[Site "Copenhagen"]
[Date "2020.06.26"]
[Round "5.2"]
[White "Jepsen, Thomas Tange"]
[Black "Kakulidis, Ellen"]
[Result "1/2-1/2"]
[WhiteElo "2116"]
[BlackElo "2041"]
[PlyCount "49"]
[EventDate "2020.06.22"]
[EventType "schev"]
[EventRounds "8"]
[EventCountry "DEN"]
[SourceTitle "EXT 2021"]
[Source "ChessBase"]
[SourceDate "2020.10.23"]
[SourceVersion "1"]
[SourceVersionDate "2020.10.23"]
[SourceQuality "1"]
[WhiteTeam "Obro"]
[BlackTeam "Denmark (W)"]
[WhiteTeamCountry "DEN"]
[BlackTeamCountry "DEN"]

1. d4 d5 2. c4 e6 3. Nc3 Be7 4. Nf3 Nf6 5. Bf4 0-0 6. e3 b6 7. Bd3 Bb7 8. 0-0 c5 9. cxd5 Nxd5 10. Nxd5 Bxd5 11. Qe2 Nd7 12. dxc5 Nxc5 13. Bc4 Bxc4 14. Qxc4 Qd3 15. Rac1 Qxc4 16. Rxc4 Rfd8 17. b3 Nd3 18. Rc7 Nxf4 19. Rxe7 Kf8 20. Rb7 Ne2+ 21. Kh1 Rdb8 22. Rd7 Rd8 23. Rb7 Rdb8 24. Rd7 Rd8 25. Rb7 1/2-1/2

[Event "Obro-Denmark (Women)"]
[Site "Copenhagen"]
[Date "2020.06.22"]
[Round "1.2"]
[White "Kakulidis, Ellen"]
[Black "Jepsen, Thomas Tange"]
[Result "0-1"]
[WhiteElo "2041"]
[BlackElo "2116"]
[PlyCount "102"]
[EventDate "2020.06.22"]
[EventType "schev"]
[EventRounds "8"]
[EventCountry "DEN"]
[SourceTitle "EXT 2021"]
[Source "ChessBase"]
[SourceDate "2020.10.23"]
[SourceVersion "1"]
[SourceVersionDate "2020.10.23"]
[SourceQuality "1"]
[WhiteTeam "Denmark (W)"]
[BlackTeam "Obro"]
[WhiteTeamCountry "DEN"]
[BlackTeamCountry "DEN"]

1. d4 d5 2. c4 c6 3. Nf3 Nf6 4. g3 Bf5 5. Nc3 e6 6. Nh4 Bg4 7. h3 Bh5 8. g4 Ne4 9. Nxe4 dxe4 10. Ng2 Bg6 11. Nf4 Qf6 12. Bg2 Bd6 13. Nxg6 Qxg6 14. Qb3 b6 15. c5 Bc7 16. g5 0-0 17. h4 h5 18. Bd2 Nd7 19. Qa4 e5 20. 0-0 exd4 21. Qxd4 Nxc5 22. b4 Rad8 23. Qe3 Qd6 24. Rfd1 Ne6 25. Qxe4 Qh2+ 26. Kf1 Rd4 27. Qf3 Qxh4 28. Be3 Rxb4 29. Qxc6 Rc4 30. Qb5 Rg4 31. f3 Rb4 32. Qf5 g6 33. Qh3 Qxh3 34. Bxh3 Bf4 35. Bd2 Bxd2 36. Rxd2 Nxg5 37. Kg2 Nxh3 38. Kxh3 Re8 39. Rc1 Re7 40. e4 Ra4 41. Rc3 Kg7 42. a3 f6 43. Rd6 g5 44. Kg3 g4 45. fxg4 hxg4 46. Kxg4 Rexe4+ 47. Kf3 Kg6 48. Rc7 Rec4 49. Re7 Rxa3+ 50. Ke2 Rc2+ 51. Kd1 Rh2 0-1

[Event "Helsingor Xtracon op"]
[Site "Helsingor"]
[Date "2019.07.28"]
[Round "10"]
[White "Tomilova, Elena"]
[Black "Jepsen, Thomas Tange"]
[Result "1-0"]
[WhiteElo "2281"]
[BlackElo "2069"]
[PlyCount "93"]
[EventDate "2019.07.20"]
[EventType "swiss"]
[EventRounds "10"]
[EventCountry "DEN"]
[SourceTitle "CBM 191 Extra"]
[Source "ChessBase"]
[SourceDate "2019.09.30"]
[SourceVersion "1"]
[SourceVersionDate "2019.09.30"]
[SourceQuality "1"]

1. c4 c6 2. d4 d5 3. cxd5 cxd5 4. Bg5 Nf6 5. Bxf6 exf6 6. Nc3 Nc6 7. e3 Be6 8. g3 Qb6 9. Qb3 Qxb3 10. axb3 Bb4 11. Nge2 0-0 12. Bg2 Rfd8 13. 0-0 Na5 14. Ra4 Bxc3 15. bxc3 b6 16. Rb1 Bf5 17. Rb2 Rac8 18. b4 Nc4 19. Rba2 a5 20. bxa5 bxa5 21. Nf4 Bd7 22. Nxd5 Bxa4 23. Rxa4 Kf8 24. e4 Rc6 25. Bf1 Nd2 26. Bb5 Re6 27. Rxa5 Rxe4 28. Ne3 g6 29. Bc6 Re7 30. d5 Nf3+ 31. Kg2 Ne5 32. Bb5 Rc7 33. c4 h5 34. h3 Nd3 35. Ra6 Nc5 36. Rxf6 Ne4 37. Ra6 Nd6 38. Bc6 Rdc8 39. Kf3 f5 40. Rb6 Ke7 41. c5 Rxc6 42. dxc6 Ne4 43. Nd5+ Ke6 44. Nf4+ Ke5 45. Nxg6+ Kf6 46. c7+ Kg7 47. Rc6 1-0

[Event "Helsingor Xtracon op"]
[Site "Helsingor"]
[Date "2017.07.25"]
[Round "5"]
[White "Jepsen, Thomas Tange"]
[Black "Svane, Frederik"]
[Result "0-1"]
[WhiteElo "2052"]
[BlackElo "2276"]
[PlyCount "60"]
[EventDate "2017.07.22"]
[EventType "swiss"]
[EventRounds "10"]
[EventCountry "DEN"]
[SourceTitle "CBM 179 Extra"]
[Source "ChessBase"]
[SourceDate "2017.08.23"]
[SourceVersion "1"]
[SourceVersionDate "2017.08.23"]
[SourceQuality "1"]

1. d4 Nf6 2. c4 e6 3. Nc3 Bb4 4. f3 d5 5. e3 0-0 6. a3 Be7 7. Bd3 c5 8. Nge2 cxd4 9. exd4 dxc4 10. Bxc4 a6 11. 0-0 b5 12. Bb3 Bb7 13. Be3 Nc6 14. Qd2 Rc8 15. Bc2 Qc7 16. Rfd1 Rfd8 17. Qe1 Na5 18. b4 Nc4 19. Bf4 Qb6 20. Qf2 Nd5 21. Nxd5 Bxd5 22. Bd3 a5 23. Nc3 axb4 24. axb4 Bxb4 25. Nxd5 exd5 26. Qh4 h6 27. Bf5 Ra8 28. Rab1 Bc3 29. Kh1 Bxd4 30. Bxh6 Bf2 0-1

[Event "Helsingor Xtracon op"]
[Site "Helsingor"]
[Date "2017.07.24"]
[Round "4"]
[White "Kucuksari, Kaan"]
[Black "Jepsen, Thomas Tange"]
[Result "1/2-1/2"]
[WhiteElo "2301"]
[BlackElo "2052"]
[PlyCount "108"]
[EventDate "2017.07.22"]
[EventType "swiss"]
[EventRounds "10"]
[EventCountry "DEN"]
[SourceTitle "CBM 179 Extra"]
[Source "ChessBase"]
[SourceDate "2017.08.23"]
[SourceVersion "1"]
[SourceVersionDate "2017.08.23"]
[SourceQuality "1"]

1. d4 d5 2. Nf3 Nf6 3. c4 c6 4. Qc2 g6 5. Bf4 Bf5 6. Qb3 Qb6 7. e3 Bg7 8. Nc3 Qxb3 9. axb3 0-0 10. h3 Nbd7 11. g4 Be4 12. Be2 Nb6 13. cxd5 Nbxd5 14. g5 Bxf3 15. Bxf3 Nh5 16. Nxd5 cxd5 17. Be5 Bxe5 18. dxe5 e6 19. Bxh5 gxh5 20. Kd2 Rfc8 21. Rhc1 a6 22. Rc3 Rxc3 23. bxc3 Kg7 24. Ra4 h6 25. gxh6+ Kxh6 26. Rf4 Kg6 27. Rf6+ Kg7 28. Rf3 a5 29. Rg3+ Kh6 30. Rg1 b5 31. h4 a4 32. Ra1 Kg6 33. Kd3 Kf5 34. Kd4 Kg4 35. Kc5 Rc8+ 36. Kb4 axb3 37. Kxb3 Kxh4 38. Rg1 Kh3 39. Rg7 Rc7 40. f4 h4 41. f5 Rc4 42. Rxf7 exf5 43. e6 Re4 44. Rxf5 Rxe6 45. Rxd5 Kg4 46. Rxb5 h3 47. Kc4 h2 48. Rb1 Rxe3 49. Kd4 Rg3 50. Rh1 Kh3 51. c4 Rg1 52. Rxh2+ Kxh2 53. c5 Kg3 54. Ke5 Rc1 1/2-1/2

[Event "Politiken Cup 37th"]
[Site "Helsingor"]
[Date "2015.08.01"]
[Round "9"]
[White "Solberg, Joachim Krokvik"]
[Black "Jepsen, Thomas Tange"]
[Result "1-0"]
[WhiteElo "2270"]
[BlackElo "2115"]
[PlyCount "43"]
[EventDate "2015.07.25"]
[EventType "swiss"]
[EventRounds "10"]
[EventCountry "DEN"]
[SourceTitle "CBM 167 Extra"]
[Source "ChessBase"]
[SourceDate "2015.09.14"]
[SourceVersion "1"]
[SourceVersionDate "2015.09.14"]
[SourceQuality "1"]

1. e4 c6 2. d4 d5 3. Nc3 dxe4 4. Nxe4 Bf5 5. Ng3 Bg6 6. h4 h6 7. Nf3 Nd7 8. h5 Bh7 9. Bd3 Bxd3 10. Qxd3 e6 11. Bd2 Ngf6 12. 0-0-0 Be7 13. Qe2 Qc7 14. Ne5 c5 15. Nxd7 Qxd7 16. dxc5 Qa4 17. Kb1 0-0 18. Bc3 Nd5 19. Rxd5 exd5 20. Qxe7 d4 21. Qh4 Rad8 22. Nf5 1-0

[Event "Politiken Cup 37th"]
[Site "Helsingor"]
[Date "2015.07.28"]
[Round "5"]
[White "Papp, Petra"]
[Black "Jepsen, Thomas Tange"]
[Result "1-0"]
[WhiteElo "2300"]
[BlackElo "2115"]
[PlyCount "65"]
[EventDate "2015.07.25"]
[EventType "swiss"]
[EventRounds "10"]
[EventCountry "DEN"]
[SourceTitle "CBM 167 Extra"]
[Source "ChessBase"]
[SourceDate "2015.09.14"]
[SourceVersion "1"]
[SourceVersionDate "2015.09.14"]
[SourceQuality "1"]

1. e4 c6 2. d4 d5 3. Nd2 dxe4 4. Nxe4 Bf5 5. Ng3 Bg6 6. h4 h6 7. Nf3 Nd7 8. h5 Bh7 9. Bd3 Bxd3 10. Qxd3 e6 11. Bd2 Ngf6 12. 0-0-0 Bd6 13. Ne4 Nxe4 14. Qxe4 Nf6 15. Qe2 Qb6 16. c4 Qa6 17. Kb1 b5 18. Ne5 bxc4 19. Nxc4 0-0 20. g4 Rab8 21. g5 Ba3 22. b3 hxg5 23. h6 g6 24. h7+ Nxh7 25. Rxh7 Kxh7 26. Rh1+ Kg7 27. Qe5+ f6 28. Qc7+ Be7 29. Qxe7+ Rf7 30. Qxe6 Rfb7 31. Kb2 Qa4 32. Rh3 Rd8 33. Bxg5 1-0

[Event "Politiken Cup 37th"]
[Site "Helsingor"]
[Date "2015.07.26"]
[Round "2"]
[White "Jepsen, Thomas Tange"]
[Black "Maze, Sebastien"]
[Result "0-1"]
[WhiteElo "2115"]
[BlackElo "2575"]
[PlyCount "68"]
[EventDate "2015.07.25"]
[EventType "swiss"]
[EventRounds "10"]
[EventCountry "DEN"]
[SourceTitle "CBM 167 Extra"]
[Source "ChessBase"]
[SourceDate "2015.09.14"]
[SourceVersion "1"]
[SourceVersionDate "2015.09.14"]
[SourceQuality "1"]

1. d4 Nf6 2. c4 g6 3. Nc3 Bg7 4. e4 d6 5. f3 0-0 6. Be3 e5 7. d5 Nh5 8. g4 Nf4 9. Nge2 Nxe2 10. Bxe2 Bf6 11. Qd2 Bh4+ 12. Kd1 c5 13. Kc2 Na6 14. Raf1 Bd7 15. f4 exf4 16. Bxf4 Qe7 17. Bf3 f6 18. h3 Bg5 19. h4 Bxf4 20. Qxf4 Nc7 21. g5 b5 22. b3 b4 23. Nd1 f5 24. Kc1 a5 25. Re1 fxe4 26. Qxe4 Qg7 27. Qd3 a4 28. Be4 axb3 29. axb3 Ra1+ 30. Kd2 Ra2+ 31. Ke3 Qe5 32. Ref1 Qg3+ 33. Rf3 Rxf3+ 34. Bxf3 Bf5 0-1

[Event "Politiken Cup 35th"]
[Site "Helsingor"]
[Date "2013.08.01"]
[Round "7"]
[White "Hanssen, Johnny"]
[Black "Jepsen, Thomas Tange"]
[Result "1/2-1/2"]
[WhiteElo "1879"]
[BlackElo "2079"]
[PlyCount "99"]
[EventDate "2013.07.27"]
[EventType "swiss"]
[EventRounds "10"]
[EventCountry "DEN"]
[SourceTitle "CBM 155 Extra"]
[Source "ChessBase"]
[SourceDate "2013.08.26"]
[SourceVersion "1"]
[SourceVersionDate "2013.08.26"]
[SourceQuality "1"]

1. e4 c6 2. d4 d5 3. exd5 cxd5 4. Bd3 Nc6 5. c3 Nf6 6. Bf4 e6 7. Nf3 Be7 8. Nbd2 0-0 9. Ne5 Bd7 10. Qe2 Qb6 11. Ndf3 Nxe5 12. Nxe5 a6 13. Bg5 Rfd8 14. Bxf6 Bxf6 15. Bxh7+ Kf8 16. Nxd7+ Rxd7 17. Bd3 e5 18. dxe5 Bxe5 19. 0-0 Re8 20. Qg4 Re6 21. Rab1 d4 22. c4 Qa5 23. f4 Bf6 24. b4 Qxa2 25. Qd1 Re3 26. Rf2 Qa3 27. Rb3 Re1+ 28. Qxe1 Qxb3 29. Re2 Rd8 30. Qd2 Qc3 31. Kf1 b6 32. Qxc3 dxc3 33. Bc2 Rd2 34. Ba4 Rxe2 35. Kxe2 Be7 36. b5 a5 37. Kd3 Bb4 38. Ke4 Ke7 39. g4 Kd6 40. h4 Kc5 41. Kd3 Kd6 42. Bb3 Ke7 43. Ke4 Bd6 44. h5 Bc5 45. Kf5 Bd4 46. Ke4 Bc5 47. g5 Ke6 48. f5+ Ke7 49. h6 gxh6 50. gxh6 1/2-1/2

[Event "Politiken Cup 35th"]
[Site "Helsingor"]
[Date "2013.07.31"]
[Round "6"]
[White "Jepsen, Thomas Tange"]
[Black "Andersen, Daniel"]
[Result "1-0"]
[WhiteElo "2079"]
[BlackElo "1917"]
[PlyCount "59"]
[EventDate "2013.07.27"]
[EventType "swiss"]
[EventRounds "10"]
[EventCountry "DEN"]
[SourceTitle "CBM 155 Extra"]
[Source "ChessBase"]
[SourceDate "2013.08.26"]
[SourceVersion "1"]
[SourceVersionDate "2013.08.26"]
[SourceQuality "1"]

1. d4 Nf6 2. c4 g6 3. Nc3 d5 4. Nf3 Bg7 5. Bf4 dxc4 6. e4 0-0 7. Bxc4 Nfd7 8. 0-0 Nb6 9. Be2 Bg4 10. d5 c6 11. Qb3 cxd5 12. Nxd5 Nc6 13. Bc7 Na5 14. Qb5 Qd7 15. Qxd7 Bxd7 16. Rad1 Be6 17. Nxe7+ Kh8 18. b3 Rfe8 19. Bd6 Bf8 20. Bb4 Nxb3 21. Bb5 Red8 22. Rxd8 Rxd8 23. axb3 h5 24. Bc3+ Kh7 25. Ng5+ Kh6 26. Bf6 Bxe7 27. Bxe7 Rd4 28. Nxe6 fxe6 29. f3 a6 30. Bc5 1-0